Paula

Saved in:
Bibliographic Details
Main Author: Allende, Isabel, 1942- (autora)
Format: Book
Language:Spanish
Published: Buenos Aires, Argentina DeBolsillo 2011
Edition:Décimo cuarta edición
Series:Contemporánea
Subjects:
Tags: Add Tag
No Tags, Be the first to tag this record!

MARC

LEADER 00000cam a2200000 a 4500
001 UCF1665
003 CL-VaPUC
005 20241210105015.0
008 120723e20110000AG |||||||||||||||||spa|d
999 |c 348353  |d 348351 
020 |a 9789871138852 
040 |c Pontificia Universidad Católica de Valparaíso 
082 0 4 |a Ch863 ALL 2011  |2 21 
100 |a Allende, Isabel,  |d 1942-  |e autora  |9 318389 
245 1 0 |a Paula 
250 |a Décimo cuarta edición 
260 |a Buenos Aires, Argentina  |b DeBolsillo  |c 2011 
300 |a 366 páginas 
490 0 |a Contemporánea 
500 |a Paula es el libro conmovedor, más personal y más íntimo de Isabel Allende. Junto al lecho en que agonizaba su hija Paula, la gran narradora chilena escribió la historia de su familia y de sí misma con el propósito de regalársela a Paula cuando ésta superara el dramático trance. El resultado se convirtió en un autorretrato de insólita emotividad y en una exquisita recreación de la sensibilidad de las mujeres de nuestra época 
583 |a last modification  |c 20120723 10:17:00  |k Rodrigo Vera 
650 0 |a Novelas chilenas   |9 265425 
650 0 |a Literatura chilena   |9 308278 
942 |c BK  |2 ddc 
945 |d 20120723 00:00:00  |a cmena 
952 |0 0  |1 0  |2 ddc  |4 0  |6 CH_863_000000000000000_ALL_2011  |7 0  |8 A  |9 450335  |a BIBING  |b BIBING  |d 2019-11-22  |i 4875184  |o Ch863 ALL 2011  |p 4875184  |r 2023-03-02  |t 1  |w 2019-11-22  |y BK  |k CUI